Paesi per immagine satellitare parziale #1 - Statistics

Statistiche generali
  • Questo quiz è stato fatto 84 volte
  • Il punteggio medio è 9 su 15
Statistiche sulle risposte
con Immagini Risposta % Corretto
Italia
100%
Cipro
96%
Grecia
87%
Francia
85%
Turchia
76%
Cuba
72%
Filippine
67%
Madagascar
59%
Russia
56%
Indonesia
54%
Germania
53%
Taiwan
51%
Canada
38%
Panama
15%
Iraq
14%
Nessun quiz corrispondente trovato
Distribuzione punteggi
Percentuale di utenti per punteggio
Percentile per numero di risposta
I tuoi punteggi nel tempo
Non hai fatto questo quiz